[Event "Baden-ch AT2"]
[Site "Oberwinden"]
[Date "2007.04.10"]
[Round "4"]
[White "Laubis, Roland"]
[Black "Schindler, Heinz"]
[Result "0-1"]
[WhiteElo "1494"]
[BlackElo "1624"]
[PlyCount "64"]
[EventDate "2007.04.07"]
[EventType "swiss"]
[EventRounds "9"]
[EventCountry "GER"]
[SourceTitle "CBM 117 Extra"]
[Source "ChessBase"]
[SourceDate "2007.05.09"]
[SourceVersion "1"]
[SourceVersionDate "2007.05.09"]
[SourceQuality "1"]

1. d4 Nf6 2. c4 g6 3. Nc3 Bg7 4. e4 d6 5. f4 Nbd7 6. Nf3 e5 7. fxe5 dxe5 8. d5 0-0 9. Qc2 a6 10. Bg5 h6 11. Bh4 g5 12. Bg3 Ng4 13. Qe2 Qe7 14. h4 f6 15. Nxg5 fxg5 16. Qxg4 Nf6 17. Qe2 Bg4 18. Qe3 Nh5 19. hxg5 Nxg3 20. Qxg3 Qxg5 21. Be2 Rf4 22. Rh4 h5 23. Bf3 Raf8 24. Ne2 Rxf3 25. gxf3 Rxf3 26. Qh2 Bh6 27. Rd1 Qe3 28. Rxg4+ hxg4 29. Qh4 Rh3 30. Qxg4+ Kh8 31. Qg2 Bg5 32. Rc1 Bh4+ 0-1